LEADER 00905cam0 2200289 450 001 000015690 005 20090312125407.0 100 $a20080901d1950----km-y0itay50------ba 101 0 $aita 102 $aIT 105 $ay-------001yy 200 1 $aOccupazione totale e commercio con l'estero$fAntonino Santarelli 210 $aPadova$cCedam$d1950 215 $aVIII, 208 p.$d25 cm 225 2 $aCollana Ca' Foscari 410 0$12001$aCollana Ca' Foscari 500 10$aOccupazione totale e commercio con l'estero$935515 610 1 $aCommercio internazionale 610 1 $aPiena occupazione 676 $a382.3$v19 700 1$aSantarelli,$bAntonino$0105304 801 0$aIT$bUNIPARTHENOPE$c20080829$gRICA$2UNIMARC 912 $a000015690 951 $a382.3/110$b9253$cNAVA1$d2008 951 $a023/1$b821$cNAVA2 996 $aOccupazione totale e commercio con l'estero$935515 997 $aUNIPARTHENOPE